| 000 | 00807nam a22002537a 4500 | ||
|---|---|---|---|
| 999 |
_c9464 _d9464 |
||
| 003 | AR-CdUCM | ||
| 008 | 190328b ||||| |||| 00| 0 spa d | ||
| 040 |
_aMUNICIPALIDAD PROVINCIAL DEL CUSCO _cBIBLIOTECA MUNICIPAL DEL CUSCO |
||
| 041 | _hit | ||
| 082 |
_22ed _a858.903 / _bL54C |
||
| 100 |
_aLevi, Carlo _925668 |
||
| 245 | _aCristo se detuvo en Eboli / | ||
| 260 |
_aBuenos Aires : _bLosada, _c1957. |
||
| 300 |
_a223 páginas ; _c25 cm. |
||
| 440 |
_aLos grandes novelistas de nuestra época _925669 |
||
| 500 | _aDonación familia Nieto | ||
| 505 | _aContenido: Novela italiana. | ||
| 650 |
_aNovela italiana _910534 |
||
| 650 |
_aOficina de correos _925670 |
||
| 650 |
_aSiglo XX _98 |
||
| 700 |
_aTraducción de: Cristo si è fermato a Ebóli. _925671 |
||
| 942 |
_2ddc _cLIBROS |
||
| 945 | _adavv | ||